Pokémon Regions (All Games & Anime as of 2024) - Statistics

General Stats
  • This quiz has been taken 141 times
    140 since last reset
  • The average score is 10 of 20
Answer Stats
Hint Answer % Correct
Gen 1 Kanto
96%
Gen 4 Sinnoh
93%
Gen 2 Johto
92%
Gen 7 Alola
89%
Gen 3 Hoenn
88%
Gen 5 Unova
86%
Gen 8 Galar
85%
Gen 6 Kalos
85%
Gen 9 Paldea
77%
Side Game Hisui (ancient Sinnoh)
33%
Anime Orange Islands / Archipelago
33%
Gen 9 DLC Kitakami
28%
Side Game Almia
22%
Side Game Fiore
17%
Side Game Orre
17%
Side Game Oblivia
14%
Side Game Ransei
13%
Side Game Ferrum
11%
Side Game Lental
11%
Side Game Pasio
11%
No matching quizzes found
Score Distribution
Percent of People with Each Score
Percentile by Number Answered
Your Score History
You have not taken this quiz since the last reset